Adam Sandler Filmography - Statistics

General Stats
  • This quiz has been taken 1,424 times
    56 since last reset
  • The average score is 33 of 149
Answer Stats
Type Year Name % Correct
Film 1996 Happy Gilmore
91%
Film 2010 Grown Ups
88%
Film 2013 Grown Ups 2
88%
Film 2004 50 First Dates
81%
Film 1999 Big Daddy
79%
Film 2025 Happy Gilmore 2
79%
TV Show 1990-1995, 2019, 2024, 2025 Saturday Night Live
79%
Film 2019 Uncut Gems
79%
Film 2006 Click
77%
Film 1995 Billy Madison
74%
Film 1998 The Wedding Singer
72%
Theater 2006 The Wedding Singer
72%
Film 2014 Blended
70%
Film 1998 The Waterboy
67%
Film 2011 Jack and Jill
65%
Film 2000 Little Nicky
63%
Film 2011 Just Go with It
58%
Film 2002 Eight Crazy Nights
53%
Film 2002 Mr. Deeds
53%
Film 2008 You Don't Mess with the Zohan
53%
Film 2008 Bedtime Stories
51%
Film 2012 Hotel Transylvania
51%
Film 2015 Hotel Transylvania 2
51%
Film 2018 Hotel Transylvania 3: Summer Vacation
51%
Film 1994 Airheads
49%
Film 2003 Anger Management
49%
Film 2002 Punch-Drunk Love
49%
Film 2007 I Now Pronounce You Chuck & Larry
47%
Film 2015 Pixels
47%
Film 2005 The Longest Yard
47%
Film 2009 Funny People
44%
Film 2020 Hubie Halloween
44%
Film 2019 Murder Mystery
44%
Film 2023 Murder Mystery 2
44%
Film 2004 Spanglish
42%
Film 1993 Coneheads
40%
Film 2022 Hustle
40%
Film 2017 The Meyerowitz Stories (New and Selected)
37%
Film 2012 That's My Boy
35%
Film 2015 The Ridiculous 6
35%
Film 2023 Leo
30%
Film 2001 The Animal
30%
Film 2014 The Cobbler
30%
Film 2016 The Do-Over
30%
Film 2025 Jay Kelly
28%
Film 2024 Spaceman
28%
Film 2002 The Hot Chick
28%
Film 2018 The Week Of
28%
Film 2011 Zoo Keeper
28%
TV Show 2014 Brooklyn Nine-Nine
26%
Film 1989 Going Overboard
26%
Film 2017 Sandy Wexler
26%
Film 1996 Bulletproof
23%
Film 2005 Deuce Bigalow: European Gigolo
23%
Film 1999 Deuce Bigalow: Male Gigolo
23%
Film 1994 Mixed Nuts
23%
Film 2007 Reign Over Me
23%
TV Show 1987-1988 The Cosby Show
23%
Film 1998 Dirty Work
21%
Film 2023 You Are SO Not Invited to My Bat Mitzvah!
21%
Stand-Up Special 2019 Adam Sandler 100% Fresh
19%
TV Show 2013 Jessie
19%
Documentary 2015 I Am Chris Farley
16%
Film 2014 Men, Women & Children
16%
Film 1991 Shakes the Clown
14%
TV Show 2007 The King of Queens
14%
Stand-Up Special 2024 Adam Sandler: Love You
12%
Film 2011 Bucky Larson: Born to Be a Star
12%
TV Show 2016, 2018 Kevin Can Wait
12%
Film 2003 Pauly Shore Is Dead
12%
Short Film 2017 Puppy!
12%
Film 2014 Top Five
12%
Documentary 2025 Being Eddie
9%
TV Short 2003 Couch
9%
Short Film 2020 Goldman v Silverman
9%
Web Mini-Series 2020 Home Movie: The Princess Bride
9%
Short Film 2020 Nature Planet
9%
Stand-Up Special 2022 Norm Macdonald: Nothing Special
9%
TV Show 2009 Sesame Street
9%
Documentary 2025 Stans
9%
TV Special 2001 The Concert for New York City
9%
Film TBA Time Out
9%
TV Show 1990 ABC Afterschool Special
7%
Stand-Up Special 1996 Adam Sandler: What the Hell Happened to Me?
7%
Short Film 2002 A Day with the Meatball
7%
TV Show 2006, 2008, 2025 Jeopardy!
7%
TV Show 2017 Real Rob
7%
TV Show 1987-1990 Remote Control
7%
TV Special 2025 SNL50: The Anniversary Special
7%
TV Film 1990 The Dog Police
7%
TV Show 1993 The Larry Sanders Show
7%
TV Show 1990 The Marshall Chronicles
7%
TV Show 2001 Undeclared
7%
TV Special 2015 Saturday Night Live: 40th Anniversary Special
5%
TV Show 1987 Showtime at the Apollo
5%
TV Show 1998 The Chris Rock Show
5%
TV Show 1996 The Price Is Right
5%
TV Show 2000 WWE Smackdown!
5%
Documentary Series 2012, 2019 60 Minutes
2%
Documentary 2024 Adam Sandler: From Stand Up to Grown Up
2%
Documentary 2020 Adam Sandler: Funny Guy
2%
TV Special 2023 Adam Sandler: The Kennedy Center Mark Twain Prize for American Humor
2%
TV Special 2001 America: A Tribute to Heroes
2%
TV Show 1989, 1990, 1991 An Evening at the Improv
2%
Documentary Series 2001 Behind the Music
2%
Documentary Series 2000, 2002, 2008 Biography
2%
Short Film 2003 Blossoms & Blood
2%
TV Show 2000-2002 Comedy Central Canned Ham
2%
TV Show 1989 Comic Strip Live
2%
Web Special 2025 Conan O'Brien: The Kennedy Center Mark Twain Prize for American Humor
2%
Documentary Series 2002 Diary
2%
TV Special 2002 Diet Coke with Lemon Celebrates 40 Years of Laughter: At the Improv
2%
TV Show 2013 Diners, Drive-Ins and Dives
2%
Documentary 2025 Downey Wrote That
2%
TV Special 2012 Eddie Murphy: One Night Only
2%
Music Video 2005 Errtime
2%
Documentary Series 2008 E! True Hollywood Story
2%
TV Show 2009 Extreme Makeover: Home Edition
2%
Documentary TBA Finding Sandlerd
2%
TV Show 2020 Great Performances
2%
TV Special 2017 Hand in Hand: A Benefit for Hurricane Relief
2%
TV Special 2010 Hope for Haiti Now: A Global Benefit for Earthquake Relief
2%
TV Documentary 2025 Ladies & Gentlemen... 50 Years of SNL Music
2%
TV Special 2020 Laugh Aid
2%
Documentary Mini-Series 2019 Lorena
2%
Documentary Mini-Series 2026 Mel Brooks: The 99 Year Old Man!
2%
TV Special 1989 MTV Spring Break '89
2%
TV Special 1999 MTV Spring Break Uncensored
2%
Web Series 2025 My Next Guest Needs No Introduction with David Letterman
2%
TV Special 2003, 2006, 2008, 2010, 2015, 2017, 2026 Night of Too Many Stars
2%
TV Show 2003 Pet Star
2%
TV Show 2004 Reel Comedy
2%
TV Special 1999 Saturday Night Live 25
2%
Web Special 2025 SNL50: The Homecoming Concert
2%
Music Video 1996 Steve Polychronopolous
2%
TV Special 2003 The Commies
2%
TV Documentary 2002 The Cosby Show: A Look Back
2%
TV Special 2013 The Improv: 50 Years Behind the Brick Wall
2%
Documentary 2025 The Making of Jay Kelly
2%
Short Film 1999 The Peeper
2%
TV Show 2004, 2006 Total Request Live
2%
Documentary 2013 12-12-12
0%
TV Special 2012 12-12-12: The Concert for Sandy Relief
0%
TV Show 2017 Adam Carolla and Friends Build Stuff Live
0%
TV Special 2008 Chabad: To Life Telethon
0%
TV Show 2010 Cubed
0%
TV Show 2009, 2011 El hormiguero
0%
Documentary Series 2005 Getaway
0%
TV Show 2015 Monica and Friends
0%
No matching quizzes found
Score Distribution
Percent of People with Each Score
Percentile by Number Answered
Your Score History
You have not taken this quiz since the last reset